|
|
|
|
| LEADER |
01054nam a22002051a 4500 |
| 020 |
|
|
|a 9788126404346
|
| 082 |
|
|
|a M3
|b VIJ/K
|
| 100 |
|
|
|a Vijayan O V
|9 139681
|
| 245 |
|
|
|a Khasakkinte ithihasam/
|c by Vijayan O V
|
| 260 |
|
|
|a Kottayam:
|b D C Books,
|c 2002.
|
| 300 |
|
|
|a 163p.
|
| 650 |
|
|
|a Novel Malayalam
|9 139682
|
| 650 |
|
|
|a Literature Malayalam
|9 139683
|
| 650 |
|
|
|a Literature
|9 139684
|
| 942 |
|
|
|c BK
|
| 999 |
|
|
|c 24191
|d 24191
|
| 952 |
|
|
|0 0
|1 0
|4 0
|6 M_3_000000000000000_VIJ_K
|7 0
|9 34666
|a SSUS
|b SSUS
|d 2015-01-08
|g 125.00
|o M3 VIJ/K
|p 031586
|r 2015-01-08
|v 0.00
|w 2015-01-08
|y BK
|
| 952 |
|
|
|0 0
|1 0
|4 0
|6 M_3_000000000000000_VIJ_K
|7 0
|9 34667
|a SSUS
|b SSUS
|c STACKS
|d 2015-01-08
|g 125.00
|o M3 VIJ/K
|p 031585
|r 2015-01-08
|v 0.00
|w 2015-01-08
|y BK
|
| 952 |
|
|
|0 0
|1 0
|2 ddc
|4 0
|6 M_3_000000000000000_VIJ_K
|7 0
|9 34668
|a SSUS
|b SSUS
|c STACKS
|d 2017-03-27
|g 150.00
|l 25
|o M3 VIJ/K
|p 083997
|q 2020-01-14
|r 2019-12-31
|s 2019-12-31
|w 2017-03-27
|y BK
|
| 952 |
|
|
|0 0
|1 0
|2 ddc
|4 0
|6 M_3_000000000000000_VIJ_K
|7 0
|9 101715
|a SSUS
|b SSUS
|c STACKS
|d 2020-02-05
|g 75.00
|l 3
|o M3 VIJ/K
|p 098672
|r 2020-11-20
|s 2020-10-16
|w 2020-02-05
|y BK
|